000 00730nam a2200253Ia 4500
003 OSt
005 20221006143920.0
006 a|||||r|||| 00| 0
007 ta
008 221006b |||||||| |||| 00| 0 eng d
020 _cP12.95
024 _a10,390
037 _cTextual
040 _aEASL
_cEASL
_beng
041 _2eng
_aeng
082 _aW.41.N7, M0
100 _aFINGAR Thomas Ed.
_9650621
245 0 _aChina's quest for independence
_b Policy evolution in the 1970s
260 _aColorado
_bWestview Press
_c1980
300 _a256p.
_ccm.
490 _v CEL
_aWestview Special Studies on China And East Asia
942 _hW.41.N7, M0
_cTEXL
_2CC
999 _c1078476
_d1078476